000 00868cam a22002894a 4500
008
020 _a007293431x (pbk.)
049 _aMAIN
090 _aRA776
_bANS
100 1 _aAnspaugh, David J.
245 1 0 _aWellness :
_bconcepts and applications /
_cDavid Anspaugh, Michael Hamrick, Frank Rosato.
250 _a5th ed.
260 _aBoston :
_bMcGraw-Hill Higher Education,
_cc2003.
300 _axix, 502 p. :
_bcol. ill. ;
_c28 cm.
500 _aIncludes index.
504 _aIncludes bibliographical references.
650 0 _aHealth.
650 0 _aSelf-care, Health.
650 0 _aMedicine, Preventive.
700 1 _aHamrick, Michael H.
700 1 _aRosato, Frank D.
907 _a.b10253828
_b19-01-12
_c18-03-08
003
005 20230120203957.0
040 _cNUST
942 _cBOOKS
_kRA776
_mANS
999 _c114914
_d114914